000 00295nam a2200109Ia 4500
008 200302s9999 xx 000 0 und d
100 _aHarry Parker M. S.
245 _aSimplified Engineering for Architects and Builders 2nd ed.
260 _bJohn Wiley & Sons Inc.
260 _c1947
300 _a245 P.,
999 _c3
_d3